[Event "CZE-chT2B 2223"]
[Site "Czech Republic"]
[Date "2023.03.26"]
[Round "11.3"]
[White "Micanek, Tomas"]
[Black "Hagarova, Zuzana"]
[Result "0-1"]
[WhiteElo "2076"]
[BlackElo "2288"]
[PlyCount "100"]
[EventDate "2022.10.16"]
[EventType "team-tourn"]
[EventRounds "11"]
[EventCountry "CZE"]
[SourceTitle "EXT 2024"]
[Source "ChessBase"]
[SourceDate "2023.10.10"]
[SourceVersion "1"]
[SourceVersionDate "2023.10.10"]
[SourceQuality "1"]
[WhiteTeam "Bohemians"]
[BlackTeam "Karlovy Vary Tietz"]
[WhiteTeamCountry "CZE"]
[BlackTeamCountry "CZE"]

1. e4 c5 2. Nf3 Nc6 3. Bb5 d6 4. 0-0 Bd7 5. Re1 Nf6 6. c3 a6 7. Bf1 Bg4 8. d3 e6 9. Be3 Be7 10. Nbd2 0-0 11. h3 Bh5 12. g4 Bg6 13. Nh4 Nd7 14. Nxg6 hxg6 15. f4 d5 16. Nf3 Qc7 17. Qd2 Rad8 18. exd5 exd5 19. Qf2 Bd6 20. Ng5 Rfe8 21. Bd2 Nf6 22. Bg2 Re7 23. Rxe7 Nxe7 24. Rf1 Qb6 25. Bc1 Qb5 26. Re1 Qxd3 27. Bf1 Qb1 28. b3 Qa1 29. Qc2 Bxf4 30. Bd2 Qxe1 31. Bxe1 Bxg5 32. Bf2 Ne4 33. h4 Bf6 34. g5 Be5 35. Qe2 Nc6 36. c4 Nxf2 37. Kxf2 dxc4 38. bxc4 Bc3 39. Kg3 Nd4 40. Qe4 b5 41. Bd3 Kf8 42. Qb7 Ne6 43. Be4 Be5+ 44. Kf3 bxc4 45. Qxa6 c3 46. Bxg6 Nd4+ 47. Ke4 fxg6 48. Kxe5 c2 49. Qf1+ Ke7 50. Qc4 Nc6+ 0-1

[Event "CZE-chT2B 2223"]
[Site "Czech Republic"]
[Date "2023.03.05"]
[Round "10.5"]
[White "Petr, Jan"]
[Black "Micanek, Tomas"]
[Result "1/2-1/2"]
[WhiteElo "2067"]
[BlackElo "2101"]
[PlyCount "81"]
[EventDate "2022.10.16"]
[EventType "team-tourn"]
[EventRounds "11"]
[EventCountry "CZE"]
[SourceTitle "EXT 2024"]
[Source "ChessBase"]
[SourceDate "2023.10.10"]
[SourceVersion "1"]
[SourceVersionDate "2023.10.10"]
[SourceQuality "1"]
[WhiteTeam "Pankrac II"]
[BlackTeam "Bohemians"]
[WhiteTeamCountry "CZE"]
[BlackTeamCountry "CZE"]

1. e4 c5 2. Nf3 Nc6 3. Bb5 g6 4. 0-0 Bg7 5. Re1 e5 6. c3 Nge7 7. a4 d5 8. d3 a6 9. Bxc6+ Nxc6 10. Bg5 f6 11. Be3 d4 12. cxd4 cxd4 13. Bd2 Be6 14. Na3 0-0 15. b4 Qe7 16. Qb1 b5 17. Rc1 Qb7 18. axb5 axb5 19. Rc5 Na7 20. Qb2 Rf7 21. Ne1 Bf8 22. Rcc1 Nc6 23. Nac2 g5 24. Rxa8 Qxa8 25. Ra1 Ra7 26. Rxa7 Qxa7 27. Kf1 Qa4 28. h3 h5 29. f3 Kf7 30. Ke2 Kg6 31. g4 Bd6 32. Kf1 Qa6 33. Kf2 Ne7 34. Qa3 Qb7 35. Na1 Nc8 36. Nb3 Nb6 37. Nc5 Bxc5 38. bxc5 Na4 39. Bb4 Qc6 40. Ke2 hxg4 41. fxg4 1/2-1/2

[Event "CZE-chT2B 2223"]
[Site "Czech Republic"]
[Date "2022.10.16"]
[Round "1.7"]
[White "Cozl, David"]
[Black "Micanek, Tomas"]
[Result "0-1"]
[WhiteElo "1905"]
[BlackElo "2101"]
[PlyCount "55"]
[EventDate "2022.10.16"]
[EventType "team-tourn"]
[EventRounds "11"]
[EventCountry "CZE"]
[SourceTitle "EXT 2024"]
[Source "ChessBase"]
[SourceDate "2023.10.10"]
[SourceVersion "1"]
[SourceVersionDate "2023.10.10"]
[SourceQuality "1"]
[WhiteTeam "Kolesovice"]
[BlackTeam "Bohemians"]
[WhiteTeamCountry "CZE"]
[BlackTeamCountry "CZE"]

1. f4 e5 2. fxe5 d6 3. exd6 Bxd6 4. Nf3 Bg4 5. e4 Qe7 6. Nc3 f5 7. Qe2 Nc6 8. d3 Nf6 9. Bg5 0-0-0 10. 0-0-0 h6 11. Bxf6 Qxf6 12. Qf2 Ba3 13. e5 Nxe5 14. Qxa7 Nxf3 15. Qxa3 Qg5+ 16. Kb1 Nd2+ 17. Ka1 Bxd1 18. Qa8+ Kd7 19. Qxb7 Rhe8 20. d4 Nxf1 21. Rxf1 Qc1+ 22. Nb1 Qxc2 23. Qb5+ Ke6 24. Nc3 Rb8 25. Qc4+ Kf6 26. Nd5+ Kg6 27. Qxc2 Bxc2 28. Nxc7 0-1

[Event "CZE-ch Betsys Online Blitz"]
[Site "Chess.com INT"]
[Date "2021.04.17"]
[Round "8"]
[White "Borkovec, Milan"]
[Black "Micanek, Tomas"]
[Result "1-0"]
[WhiteElo "2196"]
[BlackElo "2101"]
[PlyCount "71"]
[EventDate "2021.04.17"]
[EventType "swiss (blitz)"]
[EventRounds "13"]
[EventCountry "CZE"]
[SourceTitle "CBM 201 Extra"]
[Source "ChessBase"]
[SourceDate "2021.05.31"]
[SourceVersion "1"]
[SourceVersionDate "2021.05.31"]
[SourceQuality "1"]

1. e4 c5 2. Nf3 Nc6 3. d4 cxd4 4. Nxd4 Nf6 5. Nc3 e5 6. Ndb5 d6 7. Bg5 a6 8. Na3 b5 9. Nd5 Qa5+ 10. Bd2 Qd8 11. Bg5 Qa5+ 12. Bd2 Qd8 13. Nxf6+ Qxf6 14. c3 Qg6 15. Qe2 Be7 16. g3 Bg4 17. f3 Be6 18. Bg2 0-0 19. 0-0 d5 20. exd5 Bxd5 21. Rfe1 Rae8 22. Nc2 Bc4 23. Qd1 Bd3 24. Ne3 Bc5 25. Kh1 f5 26. a4 f4 27. Ng4 h5 28. axb5 axb5 29. gxf4 exf4 30. Rxe8 Rxe8 31. Bxf4 hxg4 32. fxg4 Re2 33. Ra6 Be4 34. Qxe2 Bxg2+ 35. Kxg2 Qb1 36. Rxc6 1-0

[Event "CZE-ch Betsys Online Blitz"]
[Site "Chess.com INT"]
[Date "2021.04.17"]
[Round "11"]
[White "Krivanek, Vladimir"]
[Black "Micanek, Tomas"]
[Result "1-0"]
[WhiteElo "2180"]
[BlackElo "2101"]
[PlyCount "41"]
[EventDate "2021.04.17"]
[EventType "swiss (blitz)"]
[EventRounds "13"]
[EventCountry "CZE"]
[SourceTitle "CBM 201 Extra"]
[Source "ChessBase"]
[SourceDate "2021.05.31"]
[SourceVersion "1"]
[SourceVersionDate "2021.05.31"]
[SourceQuality "1"]

1. Nc3 Nf6 2. e4 e5 3. f4 d5 4. fxe5 Nxe4 5. Qf3 Nxc3 6. dxc3 Nc6 7. Bf4 Be7 8. 0-0-0 Be6 9. Bd3 Bg5 10. Qe3 Bxf4 11. Qxf4 Qe7 12. Nf3 0-0-0 13. Kb1 Rhe8 14. Rhe1 h6 15. a3 g5 16. Qa4 Qc5 17. Nd4 Bd7 18. Nb3 Qf2 19. Rf1 Qxg2 20. Nc5 Nxe5 21. Qxa7 1-0

[Event "CZE-ch Betsys Online Blitz"]
[Site "Chess.com INT"]
[Date "2021.04.17"]
[Round "13"]
[White "Micanek, Tomas"]
[Black "Slaby, Matej"]
[Result "1-0"]
[WhiteElo "2101"]
[BlackElo "1345"]
[PlyCount "61"]
[EventDate "2021.04.17"]
[EventType "swiss (blitz)"]
[EventRounds "13"]
[EventCountry "CZE"]
[SourceTitle "CBM 201 Extra"]
[Source "ChessBase"]
[SourceDate "2021.05.31"]
[SourceVersion "1"]
[SourceVersionDate "2021.05.31"]
[SourceQuality "1"]

1. e4 d6 2. d4 Nf6 3. Nc3 c6 4. Bg5 h6 5. Bf4 Qa5 6. e5 Nd5 7. Bd2 Nxc3 8. Bxc3 Qc7 9. Nf3 Bg4 10. h3 Bxf3 11. Qxf3 e6 12. exd6 Qxd6 13. 0-0-0 Qd5 14. Qxd5 cxd5 15. Bb5+ Nc6 16. f4 Bd6 17. f5 exf5 18. Rhf1 g6 19. Rde1+ Kd7 20. g4 f4 21. Ba4 Rae8 22. Bb3 Ne7 23. Re2 b5 24. Rfe1 a6 25. Kd1 Ra8 26. Ba5 Rhc8 27. c3 Rab8 28. Kd2 b4 29. Bxb4 Bxb4 30. cxb4 Rxb4 31. Rxe7+ 1-0

[Event "CZE-ch Betsys Online Blitz"]
[Site "Chess.com INT"]
[Date "2021.04.17"]
[Round "12"]
[White "Micanek, Tomas"]
[Black "Valenz, Miroslav"]
[Result "1-0"]
[WhiteElo "2101"]
[BlackElo "2048"]
[PlyCount "63"]
[EventDate "2021.04.17"]
[EventType "swiss (blitz)"]
[EventRounds "13"]
[EventCountry "CZE"]
[SourceTitle "CBM 201 Extra"]
[Source "ChessBase"]
[SourceDate "2021.05.31"]
[SourceVersion "1"]
[SourceVersionDate "2021.05.31"]
[SourceQuality "1"]

1. e4 c5 2. Nf3 Nc6 3. Nc3 g6 4. d3 Bg7 5. Be3 d6 6. g3 Bg4 7. Bg2 e5 8. h3 Be6 9. Qd2 Nge7 10. 0-0 0-0 11. Ng5 Bd7 12. f4 h6 13. Nf3 h5 14. Kh2 Nd4 15. Ne2 Nxf3+ 16. Bxf3 Nc6 17. c3 h4 18. g4 f5 19. gxf5 gxf5 20. Rg1 Kh7 21. Rg2 Qe7 22. Rag1 Rg8 23. Bh5 fxe4 24. Bg6+ Kh8 25. Bxe4 Bf6 26. fxe5 Nxe5 27. Nf4 Bc6 28. Nd5 Qe6 29. Qf2 Rgf8 30. Qf4 Be7 31. Qh6+ Qxh6 32. Bxh6 1-0

[Event "CZE-chT2A 1920"]
[Site "Czech Republic"]
[Date "2020.02.09"]
[Round "8.7"]
[White "Meszaros, Ludek"]
[Black "Micanek, Tomas"]
[Result "1-0"]
[WhiteElo "2091"]
[BlackElo "2048"]
[PlyCount "143"]
[EventDate "2019.10.13"]
[EventType "team-tourn"]
[EventRounds "11"]
[EventCountry "CZE"]
[SourceTitle "EXT 2024"]
[Source "ChessBase"]
[SourceDate "2023.10.10"]
[SourceVersion "1"]
[SourceVersionDate "2023.10.10"]
[SourceQuality "1"]
[WhiteTeam "Tabor"]
[BlackTeam "Praha Bohemians"]
[WhiteTeamCountry "CZE"]
[BlackTeamCountry "CZE"]

1. e4 c5 2. Nf3 Nc6 3. Bb5 g6 4. 0-0 Bg7 5. Re1 Nf6 6. e5 Nd5 7. Nc3 Nc7 8. Bxc6 dxc6 9. Ne4 Ne6 10. d3 Qc7 11. Be3 b6 12. Qd2 h6 13. a3 g5 14. h3 0-0 15. Ng3 Bxe5 16. Nf5 Bg7 17. Nxg7 Nxg7 18. b4 cxb4 19. axb4 e5 20. Qc3 f6 21. d4 e4 22. Nd2 Bf5 23. d5 Rac8 24. d6 Qxd6 25. Rxa7 c5 26. Nc4 cxb4 27. Nxd6 Rxc3 28. Rxg7+ Kxg7 29. Nxf5+ Kg6 30. g4 Rxc2 31. Rb1 Rc4 32. Nd6 Rc6 33. Nxe4 f5 34. gxf5+ Rxf5 35. Rxb4 b5 36. Kg2 Rc4 37. Rxc4 bxc4 38. Nd6 Rd5 39. Nxc4 h5 40. Nd2 Ra5 41. Ne4 g4 42. h4 Rf5 43. Ng3 Rf7 44. Ne2 Kf5 45. Kg3 Ke4 46. Bg5 Rf8 47. Nf4 Rh8 48. Kg2 Rh7 49. Ne2 Ke5 50. Ng3 Rh8 51. Kf1 Rh7 52. Ke2 Kd5 53. Ke3 Ke6 54. Ke4 Rf7 55. Be3 Rh7 56. Bd4 Kd6 57. Kf5 Kd5 58. Be3 Rf7+ 59. Kg6 Ke6 60. Nxh5 Rf8 61. Nf4+ Ke5 62. Kg5 Rg8+ 63. Ng6+ Ke4 64. Bb6 Kf3 65. h5 Rb8 66. Nh4+ Ke2 67. Bd4 Rg8+ 68. Kf4 Kd3 69. Nf5 Ke2 70. h6 Kf1 71. h7 Rd8 72. Kxg4 1-0

[Event "Prague Summer op-A 6th"]
[Site "Prague"]
[Date "2019.08.03"]
[Round "2"]
[White "Micanek, Tomas"]
[Black "Ahn, Hongjin"]
[Result "0-1"]
[WhiteElo "2077"]
[BlackElo "2238"]
[PlyCount "66"]
[EventDate "2019.08.02"]
[EventType "swiss"]
[EventRounds "9"]
[EventCountry "CZE"]
[SourceTitle "CBM 191 Extra"]
[Source "ChessBase"]
[SourceDate "2019.09.30"]
[SourceVersion "1"]
[SourceVersionDate "2019.09.30"]
[SourceQuality "1"]

1. e4 c5 2. Nc3 a6 3. g3 b5 4. Bg2 Bb7 5. f4 e6 6. Nh3 b4 7. Ne2 d5 8. e5 Nh6 9. 0-0 Nf5 10. g4 Nh4 11. Bh1 h5 12. Ng3 hxg4 13. Qxg4 c4 14. d4 cxd3 15. Be3 Nf5 16. Nxf5 exf5 17. Qg3 Qh4 18. Qxh4 Rxh4 19. Ng5 Nd7 20. cxd3 Nc5 21. Rac1 Rg4+ 22. Kf2 Nxd3+ 23. Ke2 Nxc1+ 24. Rxc1 Kd7 25. h3 Rh4 26. Bf2 Rh6 27. Nxf7 Rc6 28. Rd1 Rc2+ 29. Kf1 Be7 30. Nd6 Bxd6 31. Bxd5 Rxf2+ 32. Ke1 Bxd5 33. Rxd5 Rxb2 0-1

[Event "CZE-chT2A 1819"]
[Site "Czech Republic"]
[Date "2019.02.24"]
[Round "9.5"]
[White "Skalicky, Tomas"]
[Black "Micanek, Tomas"]
[Result "0-1"]
[WhiteElo "2146"]
[BlackElo "2115"]
[PlyCount "92"]
[EventDate "2018.10.14"]
[EventType "team-tourn"]
[EventRounds "11"]
[EventCountry "CZE"]
[SourceTitle "EXT 2022"]
[Source "ChessBase"]
[SourceDate "2021.10.06"]
[SourceVersion "1"]
[SourceVersionDate "2021.10.06"]
[SourceQuality "1"]
[WhiteTeam "Ricany"]
[BlackTeam "Praha Bohemians"]
[WhiteTeamCountry "CZE"]
[BlackTeamCountry "CZE"]

1. d4 Nf6 2. c4 g6 3. Nf3 Bg7 4. Nc3 d5 5. cxd5 Nxd5 6. e4 Nxc3 7. bxc3 c5 8. Be3 Nc6 9. Rc1 Qa5 10. d5 Ne5 11. Nxe5 Bxe5 12. Qd2 0-0 13. Be2 e6 14. f4 Bg7 15. d6 Bd7 16. 0-0 Rad8 17. f5 Be5 18. Bh6 exf5 19. Bxf8 Kxf8 20. exf5 Bxf5 21. g4 Be6 22. Qh6+ Kg8 23. Rf3 Rxd6 24. Rh3 Bg7 25. Qf4 Qd8 26. Bc4 Rd1+ 27. Rxd1 Qxd1+ 28. Kf2 Qc2+ 29. Kf1 Qd1+ 30. Kf2 Qxg4 31. Qxg4 Bxg4 32. Re3 Kf8 33. Bb5 Be6 34. a4 h5 35. a5 a6 36. Be2 Bh6 37. Re5 Bf4 38. Rxc5 Ke7 39. Bxa6 bxa6 40. Rc6 Kd7 41. Rxa6 Bxh2 42. Ra8 Kc7 43. a6 h4 44. c4 Bg3+ 45. Kg1 h3 46. a7 Kb7 0-1

[Event "CZE-chT2A 1819"]
[Site "Czech Republic"]
[Date "2019.01.13"]
[Round "6.7"]
[White "Micanek, Tomas"]
[Black "Netusil, Miloslav"]
[Result "1-0"]
[WhiteElo "2115"]
[BlackElo "2234"]
[PlyCount "69"]
[EventDate "2018.10.14"]
[EventType "team-tourn"]
[EventRounds "11"]
[EventCountry "CZE"]
[SourceTitle "EXT 2022"]
[Source "ChessBase"]
[SourceDate "2021.10.06"]
[SourceVersion "1"]
[SourceVersionDate "2021.10.06"]
[SourceQuality "1"]
[WhiteTeam "Praha Bohemians"]
[BlackTeam "Vysehrad II"]
[WhiteTeamCountry "CZE"]
[BlackTeamCountry "CZE"]

1. e4 e6 2. d4 d5 3. Nc3 Bb4 4. e5 c5 5. a3 Bxc3+ 6. bxc3 Ne7 7. Qg4 Qc7 8. Qxg7 Rg8 9. Qxh7 cxd4 10. Ne2 Nbc6 11. f4 Bd7 12. Rb1 dxc3 13. h4 0-0-0 14. Qd3 Nf5 15. h5 d4 16. h6 Rg6 17. h7 Rh8 18. Rh5 Kb8 19. Qh3 Be8 20. g4 Ne3 21. Bxe3 dxe3 22. Bg2 f6 23. exf6 Rxf6 24. Rhb5 b6 25. g5 Rf5 26. Rxf5 exf5 27. Qf3 Qxh7 28. Nd4 Qh2 29. Rd1 e2 30. Nxe2 Kc7 31. Kf1 Qh7 32. Nxc3 Qg8 33. Nb5+ Kb8 34. Rd8+ Kb7 35. Nd6+ 1-0

[Event "CZE-chT2A 1819"]
[Site "Czech Republic"]
[Date "2018.11.18"]
[Round "3.7"]
[White "Popper, Tomas"]
[Black "Micanek, Tomas"]
[Result "0-1"]
[WhiteElo "2025"]
[BlackElo "2115"]
[PlyCount "85"]
[EventDate "2018.10.14"]
[EventType "team-tourn"]
[EventRounds "11"]
[EventCountry "CZE"]
[SourceTitle "EXT 2022"]
[Source "ChessBase"]
[SourceDate "2021.10.06"]
[SourceVersion "1"]
[SourceVersionDate "2021.10.06"]
[SourceQuality "1"]
[WhiteTeam "Unichess Underground"]
[BlackTeam "Praha Bohemians"]
[WhiteTeamCountry "CZE"]
[BlackTeamCountry "CZE"]

1. Nf3 Nf6 2. b3 d6 3. Bb2 e5 4. d3 Bg4 5. Nbd2 g6 6. e3 Bg7 7. Be2 0-0 8. 0-0 a5 9. c4 Na6 10. a3 c6 11. Qc2 Qe7 12. Bc3 b6 13. b4 axb4 14. axb4 Nc7 15. h3 Bf5 16. e4 Bd7 17. c5 dxc5 18. bxc5 Qxc5 19. Nxe5 Rxa1 20. Rxa1 Nb5 21. Ndc4 Nxc3 22. Qxc3 Be6 23. d4 Nxe4 24. Qe3 Qd5 25. Nxb6 Qb3 26. Qxb3 Bxb3 27. Nxc6 Re8 28. Ra7 Bf6 29. Bd3 Nd2 30. Nd7 Re1+ 31. Kh2 Bh4 32. Nce5 Bxf2 33. Nf6+ Kg7 34. Ne8+ Kf8 35. Nf6 Bxd4 36. Ra8+ Kg7 37. Ne8+ Kh6 38. Ng4+ Kg5 39. Ra5+ f5 40. Kg3 Rxe8 41. h4+ Kh5 42. Rb5 Ne4+ 43. Bxe4 0-1

[Event "CZE-chT2A 1819"]
[Site "Czech Republic"]
[Date "2018.10.14"]
[Round "1.7"]
[White "Micanek, Tomas"]
[Black "Novak, Michal"]
[Result "1-0"]
[WhiteElo "2115"]
[BlackElo "2160"]
[PlyCount "47"]
[EventDate "2018.10.14"]
[EventType "team-tourn"]
[EventRounds "11"]
[EventCountry "CZE"]
[SourceTitle "EXT 2022"]
[Source "ChessBase"]
[SourceDate "2021.10.06"]
[SourceVersion "1"]
[SourceVersionDate "2021.10.06"]
[SourceQuality "1"]
[WhiteTeam "Praha Bohemians"]
[BlackTeam "Line"]
[WhiteTeamCountry "CZE"]
[BlackTeamCountry "CZE"]

1. e4 c5 2. Nf3 d6 3. d4 cxd4 4. Nxd4 Nf6 5. Nc3 a6 6. Bg5 e6 7. f4 Be7 8. Qf3 Qc7 9. 0-0-0 Nbd7 10. Bd3 h6 11. Qh3 Nc5 12. Rhf1 Bd7 13. f5 0-0-0 14. Be3 e5 15. Nb3 Bc6 16. Nxc5 dxc5 17. Bc4 Kb8 18. Bxf7 Nxe4 19. Nxe4 Bxe4 20. Qg4 Qc6 21. Qxg7 Rxd1+ 22. Rxd1 Bf6 23. Qg6 Bxc2 24. Bd5 1-0

[Event "CZE-ch blitz"]
[Site "Prague"]
[Date "2016.12.17"]
[Round "1"]
[White "Zwardon, Vojtech"]
[Black "Micanek, Tomas"]
[Result "1-0"]
[WhiteElo "2411"]
[BlackElo "2062"]
[PlyCount "87"]
[EventDate "2016.12.17"]
[EventType "swiss (blitz)"]
[EventRounds "15"]
[EventCountry "CZE"]
[SourceTitle "CBM 176 Extra"]
[Source "ChessBase"]
[SourceDate "2017.03.02"]
[SourceVersion "1"]
[SourceVersionDate "2017.03.02"]
[SourceQuality "1"]

1. c4 e6 2. Nc3 d5 3. d4 c5 4. cxd5 cxd4 5. Qa4+ Bd7 6. Qxd4 exd5 7. Qxd5 Nc6 8. Bg5 Nf6 9. Qd2 Bc5 10. e3 h6 11. Bxf6 Qxf6 12. Ne4 Qe7 13. Nxc5 Qxc5 14. Rc1 Qb6 15. Bc4 Rd8 16. Qe2 0-0 17. Nf3 Rfe8 18. 0-0 Bg4 19. Rfd1 Rxd1+ 20. Rxd1 Qc7 21. Bd5 Ne5 22. h3 Bh5 23. g4 Bg6 24. Nxe5 Qxe5 25. Bf3 b6 26. b3 Rc8 27. Qd2 Rc2 28. Qd8+ Kh7 29. Rd2 Qa1+ 30. Kg2 Qxa2 31. Rxc2 Qxc2 32. Qd5 a5 33. h4 Qc5 34. h5 Qxd5 35. Bxd5 Bc2 36. Bxf7 b5 37. Kf3 a4 38. bxa4 bxa4 39. Ke2 g5 40. hxg6+ Bxg6 41. Ba2 Kg7 42. f4 Kf6 43. Kd2 Bf7 44. Bxf7 1-0

[Event "CZE-chT 1617"]
[Site "Czech Republic"]
[Date "2016.12.11"]
[Round "4.6"]
[White "Priehoda, Vitezslav"]
[Black "Micanek, Tomas"]
[Result "1/2-1/2"]
[WhiteElo "2373"]
[BlackElo "2062"]
[PlyCount "119"]
[EventDate "2016.10.08"]
[EventType "team-tourn"]
[EventRounds "11"]
[EventCountry "CZE"]
[SourceTitle "CBM 177 Extra"]
[Source "ChessBase"]
[SourceDate "2017.04.27"]
[SourceVersion "1"]
[SourceVersionDate "2017.04.27"]
[SourceQuality "1"]
[WhiteTeam "Lysa nad Labem"]
[BlackTeam "Brno Duras"]
[WhiteTeamCountry "CZE"]
[BlackTeamCountry "CZE"]

1. d4 d5 2. c4 e6 3. Nc3 c5 4. cxd5 exd5 5. Nf3 Nc6 6. g3 c4 7. Bg2 Nf6 8. 0-0 Be7 9. Ne5 0-0 10. Bg5 Be6 11. e3 Nd7 12. Nxc6 bxc6 13. Bxe7 Qxe7 14. b3 Nb6 15. bxc4 Nxc4 16. Na4 Qa3 17. Nc5 Bf5 18. Qc1 Rab8 19. e4 Be6 20. Qxa3 Nxa3 21. Rac1 Nc4 22. exd5 cxd5 23. Rfe1 Rb2 24. f4 Rd2 25. Nxe6 fxe6 26. Rxe6 Rxd4 27. Ra6 Rb8 28. Rxa7 Rb2 29. Rd7 Nb6 30. Rb7 Rdd2 31. Bf1 Nc4 32. Rd7 Nb6 33. Rb7 Nc4 34. Rxb2 Rxb2 35. Bxc4 dxc4 36. Rxc4 Rxa2 37. Rc7 Rb2 38. Re7 Kf8 39. Re5 Kf7 40. h4 Kf6 41. Kf1 Ra2 42. Re2 Ra3 43. Kf2 h5 44. Rb2 g6 45. Rb6+ Kf5 46. Rb5+ Kf6 47. Rg5 Rb3 48. f5 Rb2+ 49. Kf3 Rb3+ 50. Kg2 Rb2+ 51. Kh3 gxf5 52. Rxh5 Rb3 53. Kg2 Rb2+ 54. Kf1 Rb1+ 55. Ke2 Rb2+ 56. Kd1 Rb1+ 57. Kc2 Rg1 58. Rg5 f4 59. gxf4 Rf1 60. Kd2 1/2-1/2

[Event "CZE-chT2E 1516"]
[Site "Czech Republic"]
[Date "2016.02.21"]
[Round "8.7"]
[White "Micanek, Tomas"]
[Black "Motacek, Vladimir"]
[Result "1-0"]
[WhiteElo "2090"]
[BlackElo "2034"]
[PlyCount "57"]
[EventDate "2015.10.18"]
[EventType "team-tourn"]
[EventRounds "11"]
[EventCountry "CZE"]
[SourceTitle "EXT 2022"]
[Source "ChessBase"]
[SourceDate "2021.10.06"]
[SourceVersion "1"]
[SourceVersionDate "2021.10.06"]
[SourceQuality "1"]
[WhiteTeam "Brno Duras II"]
[BlackTeam "Jihlava Silko Gambit"]
[WhiteTeamCountry "CZE"]
[BlackTeamCountry "CZE"]

1. e4 g6 2. d4 Bg7 3. Nc3 d6 4. Nf3 Bg4 5. Be3 Nd7 6. Bc4 e6 7. h3 Bxf3 8. Qxf3 Nb6 9. Bb3 Ne7 10. Bg5 Qd7 11. Bf6 Bxf6 12. Qxf6 Rf8 13. a4 a5 14. 0-0 Ng8 15. Qg5 Qe7 16. Qd2 g5 17. f4 g4 18. hxg4 Qh4 19. g5 h6 20. Rf3 hxg5 21. fxg5 Ne7 22. Raf1 Ng6 23. Nb5 Rc8 24. Qxa5 Qxe4 25. Qxb6 Nh4 26. R3f2 Nxg2 27. Qxc7 Rxc7 28. Nxd6+ Ke7 29. Nxe4 1-0

[Event "CZE-chT2E 1314"]
[Site "Czech Republic"]
[Date "2013.11.17"]
[Round "2.8"]
[White "Micanek, Tomas"]
[Black "Navratil, Marek"]
[Result "1-0"]
[WhiteElo "2107"]
[BlackElo "1843"]
[PlyCount "91"]
[EventDate "2013.11.03"]
[EventType "team-tourn"]
[EventRounds "11"]
[EventCountry "CZE"]
[SourceTitle "EXT 2016"]
[Source "ChessBase"]
[SourceDate "2015.10.08"]
[SourceVersion "1"]
[SourceVersionDate "2015.10.08"]
[SourceQuality "1"]
[WhiteTeam "Brno Duras II"]
[BlackTeam "Kromeriz Slavia II"]
[WhiteTeamCountry "CZE"]
[BlackTeamCountry "CZE"]

1. e4 e5 2. Nf3 Nc6 3. d4 exd4 4. Nxd4 Nf6 5. Nxc6 bxc6 6. Bd3 d5 7. e5 Nd7 8. 0-0 Be7 9. f4 0-0 10. Nd2 Nc5 11. Be2 f6 12. Nf3 Bg4 13. Be3 fxe5 14. Nxe5 Bxe2 15. Qxe2 Qd6 16. Qg4 Ne4 17. c3 Bf6 18. Nd3 c5 19. f5 Rfe8 20. Rae1 Rab8 21. Qd1 Re7 22. Nf4 c6 23. Nd3 Rbe8 24. Bf4 Qd8 25. Qa4 Qb6 26. Kh1 Qb5 27. Qxb5 cxb5 28. Rc1 d4 29. c4 b4 30. g4 h6 31. Kg2 Bg5 32. Bxg5 hxg5 33. h3 Kf7 34. Rfe1 Rc8 35. Rc2 Nd6 36. Rxe7+ Kxe7 37. Kf3 Kd7 38. b3 Kc6 39. Re2 Rh8 40. Kg3 Re8 41. Rxe8 Nxe8 42. Ne5+ Kc7 43. Nf7 Nf6 44. Nxg5 Kd7 45. Kf4 Ke7 46. Ne6 1-0

[Event "CZE-chT1E 1011"]
[Site "Czech Republic"]
[Date "2011.01.30"]
[Round "7.7"]
[White "Mrazek, Lumir"]
[Black "Micanek, Tomas"]
[Result "1/2-1/2"]
[WhiteElo "2183"]
[BlackElo "2120"]
[PlyCount "111"]
[EventDate "2010.10.10"]
[EventType "team-tourn"]
[EventRounds "11"]
[EventCountry "CZE"]
[SourceTitle "EXT 2012"]
[Source "ChessBase"]
[SourceDate "2011.11.24"]
[SourceVersion "1"]
[SourceVersionDate "2011.11.24"]
[SourceQuality "1"]
[WhiteTeam "Orlova Slavia"]
[BlackTeam "Brno Duras"]
[WhiteTeamCountry "CZE"]
[BlackTeamCountry "CZE"]

1. e4 c5 2. Nf3 Nc6 3. d4 cxd4 4. Nxd4 Nf6 5. Nc3 e5 6. Ndb5 d6 7. Bg5 a6 8. Na3 b5 9. Nd5 Qa5+ 10. Bd2 Qd8 11. Bg5 Qa5+ 12. Bd2 Qd8 13. Bg5 Be7 14. Bxf6 Bxf6 15. c3 Bg5 16. Nc2 0-0 17. a4 bxa4 18. Rxa4 Bb7 19. Bc4 Na5 20. Ba2 Bc6 21. Rb4 Bb5 22. c4 Bc6 23. 0-0 Nb7 24. f4 exf4 25. Nd4 Bxd5 26. exd5 Nc5 27. Bb1 Qf6 28. Nf5 g6 29. h4 Bxh4 30. Rxf4 gxf5 31. Rxf5 Qe7 32. Qh5 Qe3+ 33. Kh2 Bg3+ 34. Kh3 Bf4+ 35. Qf3 Qxf3+ 36. gxf3 Be5 37. f4 Bd4 38. Rg5+ Bg7 39. Rb6 Rfb8 40. Rxd6 Rb3+ 41. Rg3 Rab8 42. Rc6 Rxg3+ 43. Kxg3 Rb3+ 44. Kg4 Bd4 45. Bf5 a5 46. d6 Nb7 47. Rc8+ Kg7 48. d7 a4 49. Be4 Bf6 50. c5 Nxc5 51. Rxc5 Rxb2 52. Ra5 Ra2 53. Ra8 Rd2 54. Bc6 Be7 55. Bxa4 Rd5 56. Rc8 1/2-1/2

[Event "Tatry op"]
[Site "Tatranske Zruby"]
[Date "2005.09.12"]
[Round "4"]
[White "Micanek, Tomas"]
[Black "Cvikl, Michal"]
[Result "0-1"]
[WhiteElo "2139"]
[BlackElo "2066"]
[PlyCount "140"]
[EventDate "2005.09.10"]
[EventType "swiss"]
[EventRounds "9"]
[EventCountry "SVK"]
[SourceTitle "CBM 108 Extra"]
[Source "ChessBase"]
[SourceDate "2005.11.04"]
[SourceVersion "1"]
[SourceVersionDate "2005.11.04"]
[SourceQuality "1"]

1. e4 c5 2. Nc3 Nc6 3. f4 d6 4. Nf3 g6 5. Bb5 Bg7 6. d3 Bd7 7. 0-0 Qb6 8. Nd5 Qd8 9. c3 e6 10. Ne3 Nge7 11. Nc4 Qc7 12. e5 Nc8 13. Bxc6 Bxc6 14. Ng5 b5 15. exd6 Nxd6 16. Ne5 Bd5 17. c4 Bb7 18. cxb5 h6 19. Ngf3 Nxb5 20. Qa4 a6 21. Be3 0-0 22. Rac1 Rfd8 23. Bxc5 Rac8 24. Qb4 Rd5 25. Be3 Qd8 26. a4 Bf8 27. Rxc8 Qxc8 28. Qb3 Nd6 29. Rc1 Qa8 30. Rc7 Ra5 31. Bc5 Bd5 32. Qb4 Rxc5 33. Qxc5 Ne8 34. Qb6 Nxc7 35. Qxc7 Qe8 36. Nd7 Be7 37. Nfe5 Kg7 38. Ng4 Qd8 39. Qxd8 Bxd8 40. b4 Bc6 41. Nc5 Bb6 42. a5 Bxc5+ 43. bxc5 Kf8 44. Kf2 h5 45. Ne5 Bb5 46. Ke3 Ke7 47. Kd4 Be8 48. Nc4 Bc6 49. g3 f6 50. h4 Bb5 51. Nd6 Bc6 52. Ne4 Kf7 53. Nc3 Ke7 54. Kc4 Kd7 55. d4 Bg2 56. d5 exd5+ 57. Nxd5 f5 58. Kd4 Bf1 59. Ke5 Kc6 60. Ne7+ Kxc5 61. Nxg6 Kb5 62. Ne7 Kxa5 63. Nxf5 Kb4 64. Ne3 Bd3 65. f5 a5 66. f6 Bg6 67. Ke6 a4 68. f7 Bxf7+ 69. Kxf7 Kb3 70. Kf6 a3 0-1